En busca de la Iglesia de Cristo / [por] Juan O'Brien

Guardat en:
Dades bibliogràfiques
Autor principal: O'Brien, Juan A. (autor)
Format: Llibre
Edició:3a edición
Matèries:
Etiquetes: Afegir etiqueta
Sense etiquetes, Sigues el primer a etiquetar aquest registre!

MARC

LEADER 00000nam^a2200000^u^4500
001 000545099
005 20250521000000.0
008 060220s1000^^^^^^^^^^^^r^^^^^000^0^spa^d
009 20260310131341.507
035 |a FMI 000014464 
037 |a Acervo Xavier Clavigero 
096 |a 5.4/35/B 
100 |a O'Brien, Juan A.  |e (autor) 
245 1 0 |a En busca de la Iglesia de Cristo / [por] Juan O'Brien 
250 |a 3a edición 
264 |a México : Privada, [s.a.] 
300 |a 64 p. 
336 |a texto  |b txt  |2 rdacontenido 
337 |a sin mediación  |b n  |2 rdamedio 
338 |a volumen  |b nc  |2 rdasoporte 
649 |a XX 
650 |a Eclesiología 
910 |a Fondo Francisco Migoya Covarrubias S.J. 
920 |a Impresos - Libros 
930 |a Fondos Especiales 
905 |a 134 
901 |a SBC07987  |b IT2  |c ESP  |u 20250521 
902 |a https://opac.biblio.iteso.mx/vufind/Record/000545099